The continent of opportunity: the south american republics-their history, their resources, their outlook. Together with a traveller`s impressions of present day conditions
Salvato in:
| Autore principale: | |
|---|---|
| Natura: | Libro |
| Lingua: | inglese |
| Pubblicazione: |
New York, Estados Unidos
Fleming H. Revell
1907
|
| Soggetti: | |
| Tags: |
Aggiungi Tag
Nessun Tag, puoi essere il primo ad aggiungerne!!
|
MARC
| LEADER | 00000nam a2200000 a 4500 | ||
|---|---|---|---|
| 001 | UCO2762 | ||
| 003 | CL-VaPUC | ||
| 005 | 20211013074458.0 | ||
| 008 | 000608e19070000US |||||||||||||||||eng|d | ||
| 999 | |c 289257 |d 289255 | ||
| 040 | |c Pontificia Universidad Católica de Valparaíso | ||
| 082 | 0 | 4 | |a 980 CLA 1907 |2 21 |
| 100 | 0 | |a Clark, Francis E |e author |9 446363 | |
| 245 | 1 | 4 | |a The continent of opportunity: |b the south american republics-their history, their resources, their outlook. Together with a traveller`s impressions of present day conditions |
| 260 | |a New York, Estados Unidos |b Fleming H. Revell |c 1907 | ||
| 300 | |a 349 páginas | ||
| 583 | |a last modification |c 20160912 04:57:14 |k Rodrigo Vera | ||
| 650 | 7 | |a Historia de América |2 CL-VaPUC |9 339079 |y Siglo 20 | |
| 650 | 7 | |a Condiciones Políticas |2 CL-VaPUC |9 392006 |z América | |
| 650 | 0 | |a Condiciones sociales |z América |9 257278 | |
| 651 | 0 | |a América del Sur |z Perú |z Chile |z Bolivia |z Ecuador |z Colombia |9 260128 | |
| 852 | |a BIBCUR | ||
| 942 | |c BK |2 ddc | ||
| 945 | |d 20000608 00:00:00 |a rherrera | ||
| 952 | |0 0 |1 0 |2 ddc |4 0 |6 980_000000000000000_CLA_1907 |7 0 |8 X |9 337508 |a BIBHIS |b BIBHIS |d 2019-11-20 |i 1286943 |o 980 CLA 1907 |p 1286943 |r 2024-01-30 |t 1 |w 2019-11-20 |y BK_X |k HIS | ||